| 000 | 01081nam a2200277 a 4500 | ||
|---|---|---|---|
| 001 | BRCA_1815 | ||
| 005 | 20190320203549.0 | ||
| 008 | 000518s1995 mx-a---##b---s000-0#spa-# | ||
| 040 |
_aDLC _cDLC |
||
| 041 | _aspaeng | ||
| 050 | 4 |
_aF1391.P8 _b.M47 1995 |
|
| 100 | 1 |
_aMerlo Juárez, Eduardo _95650 |
|
| 245 | 1 | 0 |
_aLa sierra mágica = The Magic Sierra _cEduardo Merlo Juárez ; fotografía Raúl Gil Mejía ; traducción JoAnn Hopper de Chaffee, Bertha Loya de Martínez. |
| 260 |
_aPuebla, México _bGobierno del Estado de Puebla : Secretaría de Turismo : Dirección de Turismo _c1995 |
||
| 300 |
_a127 p. _bil. a color, mapas _c31 cm. |
||
| 500 | _aIncluye mapa turístico del Estado de Puebla | ||
| 500 | _aColección Sonia Corcuera de Mancera | ||
| 504 | _aBibliografía: p. 126-127 | ||
| 651 | 4 |
_aPuebla _xDescripción y viajes _zMéxico _95651 |
|
| 651 | 4 |
_aPuebla _vTrabajos Ilustrados _zMéxico _95652 |
|
| 700 | 1 |
_aGil Mejía, Raúl _95653 |
|
| 700 | 1 |
_aHopper de Chaffee, Joann _95654 |
|
| 700 | 1 |
_aLoya de Martínez, Bertha _95655 |
|
| 902 | _aDSC | ||
| 942 |
_2lcc _cB |
||
| 999 |
_c1596 _d1596 |
||